| 000 | 00625cam a2200193 4500 | ||
|---|---|---|---|
| 020 | _a0826906273 | ||
| 082 | 0 | 0 |
_a693.1 _bDAL _cD |
| 100 | 1 |
_aDalzell, J. Ralph _945372 |
|
| 245 | 1 | 0 |
_aMasonry simplified _c[by] J. Ralph Dalzell [and] Gilbert Townsend. |
| 250 | _a3d ed. | ||
| 260 |
_aChicago, _bAmerican Technical Society _c[1973- |
||
| 300 |
_av. _billus. _c24 cm. |
||
| 505 | 1 | _av. 1. Tools, materials, practice; bricklaying, concrete block and cement masonry. | |
| 526 |
_a0 _b0 _c0 _d693_100000000000000_DAL |
||
| 650 | 0 |
_aD _96527 |
|
| 650 | 0 |
_aMasonry. _936353 |
|
| 700 | 1 |
_aTownsend, Gilbert, _945430 |
|
| 942 |
_2ddc _cBK |
||
| 999 |
_c548954 _d548954 |
||